Sửa chữa thiết bị điện

Wedi'i Gadw mewn:
Manylion Llyfryddiaeth
Prif Awdur: Hoàng Hữu Thận
Fformat: Llyfr
Iaith:Undetermined
Cyhoeddwyd: Hà Nội Công nhân kĩ thuật 1986
Pynciau:
Tagiau: Ychwanegu Tag
Dim Tagiau, Byddwch y cyntaf i dagio'r cofnod hwn!
Thư viện lưu trữ: Trung tâm Học liệu Trường Đại học Cần Thơ
LEADER 00492nam a2200169Ia 4500
001 CTU_11598
008 210402s9999 xx 000 0 und d
082 |a 621.46 
082 |b Th121 
100 |a Hoàng Hữu Thận 
245 0 |a Sửa chữa thiết bị điện 
245 0 |c Hoàng Hữu Thận 
260 |a Hà Nội 
260 |b Công nhân kĩ thuật 
260 |c 1986 
650 |a electricity 
980 |a Trung tâm Học liệu Trường Đại học Cần Thơ